000 01086nam a22003257a 4500
003 CHAP
005 20220817042100.0
008 971013s1980 r 00010 d
010 _a34021
011 _a34993
035 _a39109
040 _cCHAP
090 _aTesis
100 0 0 _aMéndez San Martín, Armando.
_976581
245 _aEvaluación de cuatro productos simpaticomimeticos sobre garrapatas Boophilus microplus
260 _aMéxico, D.F. :
_bEl autor,
_c1980
300 _a46 h.
_b; gráfs
502 _aTesis (Médico Veterinario Zootecnista) -- UNAM. Fac. de mMedicina Veterinaria y Zootecnia
590 _aALEPH
_b10
_c20130110
_lUCH01
_h1259
590 _aBATCH-UPD
_b10
_c20130110
_lUCH01
_h0258
590 _aBATCH-UPD
_b10
_c20130110
_lUCH01
_h1742
590 _aBATCH-UPD
_b10
_c20130410
_lUCH01
_h1447
590 _aBATCH-UPD
_b10
_c20130914
_lUCH01
_h0658
590 _aCONVERSION
_b10
_c20130109
_lUCH01
_h1319
650 1 4 _aBoophilus microplus.
650 1 4 _aParasiticidas.
_985462
901 _aBK
942 _cTESIS
949 _bBC
_cTES
_d-89344
_eTS1
_i39109
_si
999 _c34021
_d34021